Geography Quiz

Random Geography or City Quiz

200 Most Populous World Cities Quiz Stats

 Plays Quiz Updated Sep 9, 2019

Score 0/200 Timer 20:00
26 Plays Today
Rank City % Correct
10New York, USA
95.6%
2Tōkyō, Japan
94%
25London, UK
92.8%
12Beijing, China
92.2%
17Los Angeles, USA
91.6%
32Paris, France
91.1%
19Moscow, Russia
88.7%
9Mexico City, Mexico
88%
98Berlin, Germany
87%
37Chicago, USA
86.5%
137Rome, Italy
85.5%
4Shanghai, China
85%
66Madrid, Spain
84.6%
50San Francisco, USA
82.7%
15Cairo, Egypt
81.8%
64Houston, USA
80.7%
89Sydney, Australia
80.4%
61Dallas, USA
80.3%
8Mumbai, India
80.3%
68Miami, USA
78.5%
7Seoul, South Korea
77.7%
27Rio de Janeiro, Brazil
77.5%
58Toronto, Canada
77.2%
96Barcelona, Spain
77%
5Delhi, India
76.8%
78St. Petersburg, Russia
76.7%
54Boston, USA
76.4%
22Buenos Aires, Argentina
75.5%
56Hong Kong, China
74.8%
43Washington-Baltimore, USA
74.7%
23Istanbul, Turkey
74.1%
3Jakarta, Indonesia
73.9%
109Seattle, USA
73.8%
18Ōsaka, Japan
73.4%
57Philadelphia, USA
72.3%
11São Paulo, Brazil
72.2%
146Athens, Greece
71.7%
14Bangkok, Thailand
71.6%
151San Diego, USA
70.6%
26Johannesburg-Pretoria, South Africa
70.6%
35Lima, Peru
69.5%
24Tehrān, Iran
69.2%
60Baghdād, Iraq
69.1%
116Cape Town, South Africa
68.4%
59Santiago, Chile
68.2%
86Milan, Italy
67.9%
111Montréal, Canada
67.6%
102Melbourne, Australia
67.5%
6Manila, Philippines
67.4%
38Bogotá, Colombia
67.2%
51Singapore, Singapore
66.7%
76Detroit, USA
65.8%
75Atlanta, USA
65.7%
122Brasilia, Brazil
64.7%
104Phoenix, USA
64.2%
92Ankara, Turkey
63.6%
16Lagos, Nigeria
62.8%
21Kolkata, India
62.7%
175Manchester, UK
62.7%
129Caracas, Venezuela
62.7%
144Kyiv, Ukraine
61.9%
126Hanoi, Vietnam
61.7%
191Vancouver, Canada
61.3%
74Nairobi, Kenya
60.8%
153Rāwalpindi, Pakistan
60.4%
135Denver, USA
60.1%
44Kuala Lumpur, Malaysia
58.7%
Rank City % Correct
20Karachi, Pakistan
58.1%
55Riyadh, Saudi Arabia
58%
13Dhaka, Bangladesh
57.6%
99Dubai, United Arab Emirates
57.6%
125Algiers, Algeria
57.2%
45Ho Chi Minh City, Vietnam
56.8%
181Pyongyang, North Korea
56.3%
166Birmingham, United Kingdom
56.2%
41Taipei, Taiwan
56%
182Hamburg, Germany
55.4%
1Guangzhou, China
55%
109Naples, Italy
54.6%
73Alexandria, Egypt
54%
121Kabul, Afghanistan
53.7%
107Casablanca, Morocco
52.8%
133Addis Ababa, Ethiopia
52.5%
132Damascus, Syria
52.3%
30Kinshasa, Democratic Republic of the Congo
51.5%
196Quito, Ecuador
50.9%
90Dusseldorf-Cologne Area, Germany
50.7%
198Tel Aviv-Jaffa, Israel
50.3%
169Minneapolis, USA
49%
156Frankfurt, Germany
47.7%
70Khartoum, Sudan
47.4%
141Dakar, Senegal
47.1%
29Lahore, Pakistan
46.4%
152Orlando, USA
45.7%
31Bangalore, India
45.4%
85Guadalajara, Mexico
45.4%
87Accra, Ghana
45%
33Chennai, India
44.1%
172Cleveland, USA
44.1%
112Tampa, USA
43.8%
62Xi'an, China
42.1%
77Dortmund-Rohr Area, Germany
41.8%
178Brisbane, Australia
41.4%
82Amman, Jordan
40.9%
53Luanda, Angola
40.4%
39Hyderābād, India
40.1%
94Colombo, Sri Lanka
39%
167Guatemala City, Guatemala
38.7%
113Busan, South Korea
38.7%
71Dar es Salaam, Tanzania
38.2%
179Kathmandu, Nepal
37.9%
93Monterrey, Mexico
37.6%
150Durban, South Africa
37.4%
79Yangon, Myanmar
36.9%
157Abuja, Nigeria
36.7%
89Belo Horizonte, Brazil
36.7%
124Medellín, Colombia
36.6%
28Tianjin, China
36.1%
185Cincinnati, USA
36%
173Port-au-Prince, Haiti
35.9%
155Kampala, Uganda
35.7%
127Santo Domingo, Dominican Republic
35.5%
42Wuhan, China
35.1%
105Kuwait City, Kuwait
35%
197Sana'a, Yemen
34.2%
128Recife, Brazil
33.3%
34Nagoya, Japan
33.1%
131Salvador, Brazil
32.9%
81Abidjan, Cote d'Ivoire
32.8%
63Nanjing, China
32.2%
40Chengdu, China
31.6%
47Ahmadābād, India
31%
195Tashkent, Uzbekistan
30.8%
49Chongqing, China
30.7%
Rank City % Correct
65Pune, India
30.4%
100Jiddah, Saudi Arabia
30.2%
117Porto Alegre, Brazil
30.1%
95Chittagong, Bangladesh
29.1%
184Maputo, Mozambique
28.6%
162Yaounde, Cameroon
28.5%
83Harbin, China
28.5%
154Bamako, Mali
27.6%
136Fortaleza, Brazil
27.2%
177İzmir, Turkey
27%
130Jaipur, India
26.6%
46Hangzhou, China
26%
106Kano, Nigeria
25.6%
91Surabaya, Indonesia
24.4%
159Rotterdam-Hague, Netherlands
23.8%
170Guayaquil, Ecuador
23.4%
48Shenyang, China
22.7%
69Bandung, Indonesia
22.6%
176Cali, Colombia
22.4%
67Sūrat, India
22.3%
138Lucknow, India
22.2%
72Qingdao, China
21.8%
193Fukuoka, Japan
21.7%
199Cebu, Philippines
21.7%
171Puebla, Mexico
21.5%
148Curitiba, Brazil
21%
139Medan, Indonesia
20.9%
123Ürümqi, China
20.8%
149Ibadan, Nigeria
20.3%
142Faisalabad, Pakistan
19.9%
103Dalian, China
19.8%
114Fuzhou, China
19.7%
164Douala, Cameroon
18.9%
190Daegu, South Korea
18.9%
168Mashhad, Iran
18.6%
36Xiamen, China
18.6%
120Kunming, China
18.1%
165Esfahan, Iran
17.9%
80Zhengzhou, China
17.8%
147Kānpur, India
17.4%
101Changsha, China
17.1%
161Nāgpur, India
16.5%
160Wuxi, China
16.3%
163Campinas, Brazil
15.6%
140Nanning, China
15.6%
97Hefei, China
15.2%
134Changchun, China
15%
84Wenzhou, China
14.9%
115Jinan, China
14.8%
187Lanzhou, China
14.3%
183Kaohsiung, Taiwan
13.5%
174Indore, India
13.4%
158Ningbo, China
13%
180Kumasi, Ghana
13%
119Taiyuan, China
12.9%
145Zibo, China
12.8%
52Shantou, China
12.7%
189Changzhou, China
12.1%
118Nanchang, China
11.5%
110Shijiazhuang, China
11.4%
192Xuzhou, China
10.9%
143Guiyang, China
9.6%
188Bhilai, India
9.3%
194Tangshan, China
9.2%
186Huizhou, China
9%
200Gujrānwāla, Pakistan
8.2%

You're not logged in!

Compare scores with friends on all Sporcle quizzes.
OR
Log In

Sporcle TV

Today on Sporcle TV


Watch our educational content, quiz creation guides, and fun videos on Sporcle TV.

Show Comments

Extras

Top Quizzes Today


Score Distribution

Your Account Isn't Verified!

In order to create a playlist on Sporcle, you need to verify the email address you used during registration. Go to your Sporcle Settings to finish the process.

Report this User

Report this user for behavior that violates our Community Guidelines.

Details: